[Event "Las Tunas Guerrero Memorial-A"]
[Site "Las Tunas"]
[Date "2020.02.18"]
[Round "4.3"]
[White "Parra Cabrera, Edilmar"]
[Black "Castellanos Sanchez, Carlos Manuel"]
[Result "1/2-1/2"]
[WhiteElo "2285"]
[BlackElo "2268"]
[PlyCount "32"]
[EventDate "2020.02.16"]
[EventType "tourn"]
[EventRounds "10"]
[EventCountry "CUB"]
[EventCategory "2"]
[SourceTitle "EXT 2023"]
[Source "ChessBase"]
[SourceDate "2022.10.05"]
[SourceVersion "1"]
[SourceVersionDate "2022.10.05"]
[SourceQuality "1"]

1. d4 Nf6 2. c4 g6 3. Nc3 d5 4. cxd5 Nxd5 5. e4 Nxc3 6. bxc3 Bg7 7. Nf3 0-0 8. Bc4 c5 9. 0-0 cxd4 10. cxd4 Nc6 11. Rb1 Nxd4 12. Nxd4 Qxd4 13. Qxd4 Bxd4 14. Ba3 Be6 15. Bxe6 fxe6 16. Rxb7 Rf4 1/2-1/2

[Event "Las Tunas 28 de Enero-A"]
[Site "Las Tunas"]
[Date "2019.01.20"]
[Round "9.2"]
[White "Perez Marimon, Jorge De Jesus"]
[Black "Parra Cabrera, Edilmar"]
[Result "0-1"]
[WhiteElo "2250"]
[BlackElo "2237"]
[PlyCount "140"]
[EventDate "2019.01.16"]
[EventType "tourn"]
[EventRounds "10"]
[EventCountry "CUB"]
[SourceTitle "EXT 2023"]
[Source "ChessBase"]
[SourceDate "2022.10.05"]
[SourceVersion "1"]
[SourceVersionDate "2022.10.05"]
[SourceQuality "1"]

1. e4 e5 2. Nf3 Nc6 3. Bb5 Nf6 4. 0-0 Nxe4 5. d4 Nd6 6. Bxc6 dxc6 7. dxe5 Nf5 8. Qxd8+ Kxd8 9. Nc3 Bd7 10. b3 h6 11. Bb2 a5 12. Rad1 Kc8 13. Rd3 Be7 14. Rfd1 Be6 15. h3 h5 16. Bc1 b6 17. Ne2 Kb7 18. Nf4 Bc8 19. a4 g5 20. Ne2 Rg8 21. Nd2 Nh4 22. Ng3 g4 23. Kh2 gxh3 24. gxh3 Be6 25. c4 Rad8 26. Rxd8 Rxd8 27. Nxh5 Nf3+ 28. Kg2 Nxe5 29. Nf4 Nd3 30. Nxd3 Rxd3 31. Rh1 Bg5 32. Ne4 Bxc1 33. Rxc1 Bxh3+ 34. Kh2 Rxb3 35. Ng5 Bd7 36. Rd1 Kc8 37. Nxf7 c5 38. Re1 Rf3 39. Ne5 Rxf2+ 40. Kg3 Ra2 41. Rh1 Bxa4 42. Kf4 Rd2 43. Ra1 Bb3 44. Ke3 Rd1 45. Rxd1 Bxd1 46. Kd2 Bh5 47. Kc3 Kb7 48. Nd3 c6 49. Kd2 Kc7 50. Kc3 Kd6 51. Nf2 Bf3 52. Nh3 b5 53. Ng5 Bg2 54. Nf7+ Kc7 55. Ne5 a4 56. Nd3 Kb6 57. Ne5 Bh3 58. Nd3 Bf1 59. Ne5 Bxc4 60. Nd7+ Ka5 61. Nxc5 Bf1 62. Ne4 b4+ 63. Kb2 Bc4 64. Nd2 Bd5 65. Nf1 c5 66. Ne3 Be6 67. Nc2 a3+ 68. Ka1 Ka4 69. Ne3 b3 70. Nc2 Bd5 0-1

[Event "Adelquis Remon Memorial-C"]
[Site "Holguin"]
[Date "2018.12.05"]
[Round "10.1"]
[White "Cabrera Gonzalez, Maximo Ariel"]
[Black "Parra Cabrera, Edilmar"]
[Result "0-1"]
[WhiteElo "2194"]
[BlackElo "2205"]
[PlyCount "96"]
[EventDate "2018.11.30"]
[EventType "tourn"]
[EventRounds "10"]
[EventCountry "CUB"]
[SourceTitle "EXT 2023"]
[Source "ChessBase"]
[SourceDate "2022.10.05"]
[SourceVersion "1"]
[SourceVersionDate "2022.10.05"]
[SourceQuality "1"]

1. e4 c5 2. Nf3 e6 3. d4 cxd4 4. Nxd4 a6 5. Bd3 Nc6 6. Nb3 Nf6 7. Qe2 Qc7 8. c4 b6 9. Nc3 Bb7 10. Be3 d6 11. 0-0 Ne5 12. Nd4 Rc8 13. b3 b5 14. Rac1 b4 15. Na4 Nxd3 16. Qxd3 Bxe4 17. Qd2 Qb7 18. f3 Bc6 19. Nb2 Bd7 20. Nd3 a5 21. a3 bxa3 22. Qxa5 Ra8 23. Qc3 Be7 24. Ra1 0-0 25. b4 Rfc8 26. Qb3 e5 27. Nc2 Ba4 28. Qa2 Nd5 29. Bd2 Qa7+ 30. Kh1 Bxc2 31. Qxc2 Qd4 32. Rfc1 Bf6 33. Qb3 e4 34. fxe4 Qxe4 35. Rxa3 Rxa3 36. Qxa3 Ne3 37. Bxe3 Qxe3 38. c5 dxc5 39. bxc5 h5 40. Qa6 Rd8 41. c6 Rxd3 42. Rf1 Rc3 43. Qc8+ Kh7 44. c7 Qc5 45. h4 Qxc7 46. Qf5+ Kg8 47. Qxh5 Rc4 48. Rxf6 Rc1+ 0-1

[Event "Adelquis Remon Memorial-C"]
[Site "Holguin"]
[Date "2018.12.04"]
[Round "9.3"]
[White "Parra Cabrera, Edilmar"]
[Black "Parra Gomez, Adrian"]
[Result "1/2-1/2"]
[WhiteElo "2205"]
[BlackElo "2197"]
[PlyCount "32"]
[EventDate "2018.11.30"]
[EventType "tourn"]
[EventRounds "10"]
[EventCountry "CUB"]
[SourceTitle "EXT 2023"]
[Source "ChessBase"]
[SourceDate "2022.10.05"]
[SourceVersion "1"]
[SourceVersionDate "2022.10.05"]
[SourceQuality "1"]

1. e4 e5 2. Nf3 Nc6 3. Bc4 Bc5 4. Nc3 Nf6 5. d3 d6 6. Bg5 h6 7. Bxf6 Qxf6 8. Nd5 Qd8 9. c3 Ne7 10. 0-0 0-0 11. b4 Nxd5 12. Bxd5 Bb6 13. a4 c6 14. Bb3 Be6 15. a5 Bc7 16. Nd2 a6 1/2-1/2

[Event "Adelquis Remon Memorial-C"]
[Site "Holguin"]
[Date "2018.12.01"]
[Round "3.2"]
[White "Parra Cabrera, Edilmar"]
[Black "Romero Arzuaga, Yudel"]
[Result "1/2-1/2"]
[WhiteElo "2205"]
[BlackElo "2183"]
[PlyCount "128"]
[EventDate "2018.11.30"]
[EventType "tourn"]
[EventRounds "10"]
[EventCountry "CUB"]
[SourceTitle "EXT 2023"]
[Source "ChessBase"]
[SourceDate "2022.10.05"]
[SourceVersion "1"]
[SourceVersionDate "2022.10.05"]
[SourceQuality "1"]

1. c4 e6 2. Nc3 f5 3. Nf3 Nf6 4. g3 c6 5. Bg2 d5 6. d4 Bd6 7. 0-0 0-0 8. Bg5 Nbd7 9. Qc2 h6 10. Bxf6 Nxf6 11. Rab1 Qe7 12. cxd5 exd5 13. Nh4 Qe6 14. b4 Ne4 15. b5 Nxc3 16. Qxc3 Bd7 17. bxc6 Bxc6 18. e3 Rac8 19. Rfc1 Rf7 20. Qa5 Rcf8 21. Nf3 Bb8 22. Ne5 Bxe5 23. dxe5 Qxe5 24. Qxa7 g5 25. Qd4 Qxd4 26. exd4 Ra8 27. Rb2 Ra4 28. Rd2 Re7 29. h3 Kf7 30. Bf3 Kf6 31. Kg2 Re8 32. Rc5 Rd8 33. Bd1 Rc4 34. Ra5 Rc3 35. Bb3 Rd7 36. Ra8 Kg7 37. Re8 f4 38. g4 Rd6 39. Re5 Kf6 40. Rf5+ Ke7 41. h4 gxh4 42. Rxf4 Rf6 43. Re2+ Kf7 44. Rxf6+ Kxf6 45. Re5 Rd3 46. Bxd5 Rxd4 47. Rf5+ Kg6 48. Bxc6 bxc6 49. Kh3 Ra4 50. Rc5 Rxa2 51. Rxc6+ Kg5 52. Rc5+ Kg6 53. f4 Ra4 54. Rc6+ Kg7 55. f5 h5 56. g5 Rf4 57. Rc7+ Kg8 58. f6 Rg4 59. Rg7+ Kf8 60. Kh2 Rg3 61. Kh1 Rg4 62. Kh2 Rg3 63. g6 Rf3 64. Rf7+ Kg8 1/2-1/2

[Event "Adelquis Remon Memorial-C"]
[Site "Holguin"]
[Date "2018.12.01"]
[Round "4.3"]
[White "Parra Gomez, Adrian"]
[Black "Parra Cabrera, Edilmar"]
[Result "1/2-1/2"]
[WhiteElo "2197"]
[BlackElo "2205"]
[PlyCount "37"]
[EventDate "2018.11.30"]
[EventType "tourn"]
[EventRounds "10"]
[EventCountry "CUB"]
[SourceTitle "EXT 2023"]
[Source "ChessBase"]
[SourceDate "2022.10.05"]
[SourceVersion "1"]
[SourceVersionDate "2022.10.05"]
[SourceQuality "1"]

1. d4 Nf6 2. Nf3 d5 3. Bf4 Bf5 4. e3 e6 5. c4 c6 6. Nc3 Bd6 7. Bxd6 Qxd6 8. Bd3 Bxd3 9. Qxd3 0-0 10. 0-0 Nbd7 11. cxd5 cxd5 12. Rac1 a6 13. Rc2 Rac8 14. Rfc1 Rc6 15. Ne2 Rfc8 16. Rxc6 Rxc6 17. Rxc6 Qxc6 18. Qc3 Qxc3 19. Nxc3 1/2-1/2

[Event "Adelquis Remon Memorial-C"]
[Site "Holguin"]
[Date "2018.11.30"]
[Round "1.3"]
[White "Parra Cabrera, Edilmar"]
[Black "Bonet Molina, Ariel"]
[Result "0-1"]
[WhiteElo "2205"]
[BlackElo "2133"]
[PlyCount "46"]
[EventDate "2018.11.30"]
[EventType "tourn"]
[EventRounds "10"]
[EventCountry "CUB"]
[SourceTitle "EXT 2023"]
[Source "ChessBase"]
[SourceDate "2022.10.05"]
[SourceVersion "1"]
[SourceVersionDate "2022.10.05"]
[SourceQuality "1"]

1. e4 e6 2. d4 d5 3. Nd2 c5 4. Ngf3 cxd4 5. exd5 Qxd5 6. Bc4 Qd6 7. 0-0 Nf6 8. Nb3 Nc6 9. Nbxd4 Nxd4 10. Nxd4 Bd7 11. Be3 Be7 12. Qf3 Qc7 13. Bd3 0-0 14. Rfe1 Rfd8 15. Bg5 Qc5 16. Qe3 h6 17. Bh4 Qh5 18. Bg3 Bc5 19. c3 Bc6 20. Qe5 Bxd4 21. cxd4 Qg4 22. Rad1 Rd5 23. Qe3 Rad8 0-1

[Event "Ciudad Heroe"]
[Site "Santiago de Cuba"]
[Date "2018.02.21"]
[Round "7"]
[White "Parra Cabrera, Edilmar"]
[Black "Quesada Vera, Liordis"]
[Result "0-1"]
[WhiteElo "2225"]
[BlackElo "2370"]
[PlyCount "70"]
[EventDate "2018.02.15"]
[EventType "tourn"]
[EventRounds "7"]
[EventCountry "CUB"]
[SourceTitle "EXT 2021"]
[Source "ChessBase"]
[SourceDate "2020.10.23"]
[SourceVersion "1"]
[SourceVersionDate "2020.10.23"]
[SourceQuality "1"]

1. e4 e5 2. Nf3 Nc6 3. Bb5 a6 4. Bxc6 dxc6 5. 0-0 Bg4 6. h3 Bh5 7. g4 Bg6 8. Nxe5 Qh4 9. Qf3 f6 10. Nxg6 hxg6 11. Kg2 0-0-0 12. Qg3 Qh7 13. f4 Bd6 14. Qe3 Nh6 15. Qf3 g5 16. f5 c5 17. Na3 c6 18. Nc4 Bc7 19. d3 Nf7 20. Rh1 b5 21. e5 bxc4 22. Qxc6 Rd4 23. Be3 Nxe5 24. Qxa6+ Kb8 25. Qb5+ Ka7 26. Qxc5+ Bb6 27. Qa3+ Kb7 28. Bxd4 Bxd4 29. Qb4+ Bb6 30. dxc4 Rc8 31. b3 Qh4 32. Qe1 Rd8 33. Qxh4 Rd2+ 34. Kg3 Bf2+ 35. Kg2 Bxh4+ 0-1

[Event "Ciudad Heroe"]
[Site "Santiago de Cuba"]
[Date "2018.02.18"]
[Round "4"]
[White "De la Fe Almeida, Enmanuel Jesus"]
[Black "Parra Cabrera, Edilmar"]
[Result "0-1"]
[WhiteElo "2305"]
[BlackElo "2225"]
[PlyCount "130"]
[EventDate "2018.02.15"]
[EventType "tourn"]
[EventRounds "7"]
[EventCountry "CUB"]
[SourceTitle "EXT 2021"]
[Source "ChessBase"]
[SourceDate "2020.10.23"]
[SourceVersion "1"]
[SourceVersionDate "2020.10.23"]
[SourceQuality "1"]

1. c4 c6 2. d4 d5 3. Nf3 Nf6 4. Nc3 a6 5. b3 Bf5 6. e3 e6 7. Be2 Bb4 8. Bd2 Qa5 9. Qc1 Ne4 10. Nxe4 Bxe4 11. 0-0 Bxf3 12. Bxb4 Qxb4 13. Bxf3 0-0 14. a3 Qe7 15. e4 dxe4 16. Bxe4 Nd7 17. Re1 Qd6 18. Qb2 Nf6 19. Bf3 Rfd8 20. Rad1 Rd7 21. g3 Rad8 22. Re5 Qc7 23. Qc3 Rd6 24. g4 Qd7 25. g5 Ne8 26. d5 cxd5 27. cxd5 Nc7 28. Ree1 Nxd5 29. Qe5 g6 30. b4 b5 31. h4 Nb6 32. h5 Nc4 33. Qf6 e5 34. h6 Rxf6 35. Rxd7 Rxd7 36. gxf6 Rd6 37. Be2 Kf8 38. Bxc4 bxc4 39. Rxe5 Rc6 40. Kf1 c3 41. Re1 Rxf6 42. Rc1 g5 43. Rxc3 Rxh6 44. Rc5 Rg6 45. Kg2 h6 46. Kg3 Rf6 47. a4 Rf4 48. Rc6 Kg7 49. Rb6 a5 50. bxa5 Rxa4 51. a6 f6 52. Rb7+ Kg6 53. a7 Ra3+ 54. Kg2 f5 55. Kh2 Kh5 56. Kg2 f4 57. Rh7 g4 58. Kh2 Kg5 59. Kg2 h5 60. Kh2 Ra2 61. Kg1 Kh4 62. Kf1 g3 63. fxg3+ fxg3 64. Kg1 Kg4 65. Kf1 h4 0-1

[Event "Camaguey Altuna Memorial tt 1st"]
[Site "Camaguey"]
[Date "2017.11.30"]
[Round "4.1"]
[White "Parra Cabrera, Edilmar"]
[Black "Cazulo Ramirez, Jesus David"]
[Result "0-1"]
[WhiteElo "2210"]
[BlackElo "2205"]
[PlyCount "82"]
[EventDate "2017.11.28"]
[EventType "team-tourn"]
[EventRounds "10"]
[EventCountry "CUB"]
[SourceTitle "EXT 2024"]
[Source "ChessBase"]
[SourceDate "2023.10.10"]
[SourceVersion "1"]
[SourceVersionDate "2023.10.10"]
[SourceQuality "1"]

1. c4 Nf6 2. Nf3 g6 3. g3 Bg7 4. Bg2 0-0 5. 0-0 c6 6. d4 d5 7. Ne5 Bf5 8. Nc3 Bc8 9. cxd5 cxd5 10. Bf4 e6 11. Qd2 Nfd7 12. Nxd7 Bxd7 13. e4 dxe4 14. Bxe4 Bc6 15. d5 exd5 16. Nxd5 Bxd5 17. Bxd5 Nc6 18. Rfd1 Qb6 19. Be3 Qa6 20. Bh6 Rad8 21. Bxg7 Kxg7 22. Qc3+ Kg8 23. Qf6 Qa5 24. Bb3 Rd2 25. Rxd2 Qxd2 26. Rd1 Qe2 27. h4 Ne5 28. Rc1 Nf3+ 29. Kh1 Ne5 30. Qf4 Nd3 31. Bxf7+ Rxf7 32. Rc8+ Kg7 33. Qd4+ Qe5 34. Qxd3 Qe1+ 35. Kg2 Rxf2+ 36. Kh3 Qh1+ 37. Kg4 h5+ 38. Kg5 Rf5+ 39. Qxf5 gxf5 40. Rc7+ Kf8 41. Kf6 Ke8 0-1

[Event "Camaguey Altuna Memorial tt 1st"]
[Site "Camaguey"]
[Date "2017.11.29"]
[Round "2.1"]
[White "Parra Cabrera, Edilmar"]
[Black "De la Fe Almeida, Enmanuel Jesus"]
[Result "0-1"]
[WhiteElo "2210"]
[BlackElo "2307"]
[PlyCount "68"]
[EventDate "2017.11.28"]
[EventType "team-tourn"]
[EventRounds "10"]
[EventCountry "CUB"]
[SourceTitle "EXT 2024"]
[Source "ChessBase"]
[SourceDate "2023.10.10"]
[SourceVersion "1"]
[SourceVersionDate "2023.10.10"]
[SourceQuality "1"]

1. e4 c5 2. Nf3 e6 3. d4 cxd4 4. Nxd4 a6 5. Bd3 Bc5 6. Nb3 Be7 7. 0-0 d6 8. c4 Nf6 9. Nc3 0-0 10. Be3 b6 11. Rc1 Bb7 12. f4 Nbd7 13. g4 Nc5 14. Nxc5 bxc5 15. g5 Nd7 16. Qh5 g6 17. Qh6 Re8 18. Rf3 Bf8 19. Qh4 h5 20. Rh3 Bg7 21. Ne2 d5 22. Ng3 dxe4 23. Be2 f5 24. Rd1 Qe7 25. Bxh5 gxh5 26. Nxh5 Red8 27. Kf2 Nf8 28. Rg1 Ng6 29. Nf6+ Kf7 30. Qg3 Rd3 31. Rh7 Rh8 32. Qh3 Qd8 33. Qh6 Rxh7 34. Qxh7 Rxe3 0-1

[Event "Las Tunas Province-ch+"]
[Site "Las Tunas"]
[Date "2009.10.29"]
[Round "3"]
[White "Illas Pueyo, Leonardo"]
[Black "Parra Cabrera, Edilmar"]
[Result "1-0"]
[WhiteElo "2304"]
[BlackElo "2213"]
[PlyCount "75"]
[EventDate "2009.10.28"]
[EventType "tourn"]
[EventRounds "11"]
[EventCountry "CUB"]
[SourceTitle "CBM 133 Extra"]
[Source "ChessBase"]
[SourceDate "2010.01.05"]
[SourceVersion "1"]
[SourceVersionDate "2010.01.05"]
[SourceQuality "1"]

1. e4 c5 2. Nf3 e6 3. d4 cxd4 4. Nxd4 a6 5. Nc3 Qc7 6. Bd3 Nf6 7. Qe2 d6 8. g4 h6 9. Rg1 b5 10. a3 Be7 11. Bd2 Nbd7 12. h4 Ne5 13. 0-0-0 Nfd7 14. Kb1 Nb6 15. g5 Nbc4 16. f4 Nxd2+ 17. Qxd2 Nc4 18. Bxc4 bxc4 19. f5 Rb8 20. Ka2 e5 21. Nde2 hxg5 22. hxg5 Qb6 23. Rb1 Rh2 24. Nd5 Qc5 25. Rh1 c3 26. Ndxc3 Rg2 27. Rh8+ Kd7 28. Qd3 Rxg5 29. Nd5 f6 30. b4 Qc6 31. Rb3 Bd8 32. Rc3 Qb5 33. Qh3 Bb7 34. Rxd8+ Kxd8 35. Nc7 Qb6 36. Ne6+ Ke7 37. Nxg5 fxg5 38. Qh7 1-0

[Event "Jose Marti Memorial"]
[Site "Las Tunas"]
[Date "2003.02.02"]
[Round "8"]
[White "Parra Cabrera, Edilmar"]
[Black "Tineo, Federico"]
[Result "1-0"]
[WhiteElo "2244"]
[BlackElo "2144"]
[PlyCount "95"]
[EventDate "2003.01.25"]
[EventType "tourn"]
[EventRounds "9"]
[EventCountry "CUB"]
[EventCategory "1"]
[SourceTitle "CBM 092 Extra"]
[Source "ChessBase"]
[SourceDate "2003.03.07"]
[SourceVersion "1"]
[SourceVersionDate "2003.03.07"]
[SourceQuality "1"]

1. e4 g6 2. d4 Bg7 3. Nf3 d6 4. Be2 Nf6 5. Nbd2 0-0 6. 0-0 Nc6 7. d5 Nb8 8. c4 c5 9. Rb1 Nbd7 10. Ne1 Rb8 11. f4 a6 12. a4 Ne8 13. Ndf3 b5 14. axb5 axb5 15. cxb5 Nc7 16. Qa4 Ra8 17. Qc2 Rb8 18. Qa4 Ra8 19. Qc2 Rb8 20. Qa4 Nf6 21. Nc2 Bd7 22. Na3 Qe8 23. e5 Nfxd5 24. Qd1 Bf5 25. Ra1 dxe5 26. Nxe5 Bxe5 27. fxe5 Qd7 28. Bh6 Rfd8 29. g4 Be6 30. Rc1 c4 31. Bxc4 Bxg4 32. Qd4 Be6 33. Qf2 Na8 34. Nc2 Nab6 35. b3 Nxc4 36. bxc4 Nc3 37. Ne3 Qd3 38. Rc2 Rd7 39. Rfc1 Ne4 40. Qf3 Nd2 41. Qg2 Ne4 42. c5 Bb3 43. c6 Rc7 44. b6 Rxb6 45. Rd1 Bxc2 46. Qxc2 Qxd1+ 47. Qxd1 Rb8 48. Nd5 1-0

[Event "Jose Marti Memorial"]
[Site "Las Tunas"]
[Date "2003.02.01"]
[Round "7"]
[White "Gonzalez Parra, Harold Manuel"]
[Black "Parra Cabrera, Edilmar"]
[Result "1-0"]
[WhiteElo "2314"]
[BlackElo "2244"]
[PlyCount "99"]
[EventDate "2003.01.25"]
[EventType "tourn"]
[EventRounds "9"]
[EventCountry "CUB"]
[EventCategory "1"]
[SourceTitle "CBM 092 Extra"]
[Source "ChessBase"]
[SourceDate "2003.03.07"]
[SourceVersion "1"]
[SourceVersionDate "2003.03.07"]
[SourceQuality "1"]

1. c4 e6 2. Nc3 d5 3. cxd5 exd5 4. d4 Nf6 5. Bf4 Bd6 6. Bxd6 Qxd6 7. e3 c6 8. Bd3 Nbd7 9. Qc2 Nf8 10. Nge2 Ne6 11. f3 Bd7 12. 0-0 0-0 13. Rad1 c5 14. dxc5 Qxc5 15. Qd2 b5 16. b4 Qxb4 17. Nxb5 Qxd2 18. Rxd2 Nc5 19. Nbd4 Rfe8 20. Kf2 Rab8 21. Rc1 Rb2 22. Rcc2 Reb8 23. Nc1 Nxd3+ 24. Nxd3 R2b6 25. Rc7 a6 26. Rdc2 h6 27. h4 Ba4 28. R2c5 Rb1 29. Rc8+ Rxc8 30. Rxc8+ Kh7 31. Rc1 Rb6 32. g4 g6 33. Rc7 Kg8 34. g5 hxg5 35. hxg5 Ne8 36. Rc8 Kg7 37. Nc5 Nd6 38. Rd8 Be8 39. Kg3 Kf8 40. Nd7+ Ke7 41. Nxb6 Kxd8 42. Nxd5 Nc4 43. e4 Ba4 44. f4 Kd7 45. Nc3 Bc6 46. Nxc6 Kxc6 47. f5 Kc5 48. Kf4 Kb4 49. Ne2 Ka3 50. e5 1-0

[Event "Jose Marti Memorial"]
[Site "Las Tunas"]
[Date "2003.01.31"]
[Round "6"]
[White "Parra Cabrera, Edilmar"]
[Black "Leyva Rivera, Yunier"]
[Result "0-1"]
[WhiteElo "2244"]
[BlackElo "2288"]
[PlyCount "84"]
[EventDate "2003.01.25"]
[EventType "tourn"]
[EventRounds "9"]
[EventCountry "CUB"]
[EventCategory "1"]
[SourceTitle "CBM 092 Extra"]
[Source "ChessBase"]
[SourceDate "2003.03.07"]
[SourceVersion "1"]
[SourceVersionDate "2003.03.07"]
[SourceQuality "1"]

1. e4 c5 2. Nf3 d6 3. d4 cxd4 4. Nxd4 Nf6 5. Nc3 Nc6 6. Bg5 e6 7. Qd2 a6 8. 0-0-0 Bd7 9. f4 b5 10. Nxc6 Bxc6 11. Bxf6 Qxf6 12. Bd3 h6 13. e5 Qe7 14. Be4 d5 15. Bf3 0-0-0 16. Ne2 Qc7 17. Nd4 Bd7 18. Rhe1 Kb8 19. Re3 Bc5 20. b4 Be7 21. Kb2 Rc8 22. Ra3 Qb6 23. c3 Qb7 24. Nb3 Rc7 25. Be2 Rhc8 26. Nd4 Qb6 27. Qe3 f6 28. Bg4 fxe5 29. fxe5 a5 30. Rxa5 Rxc3 31. Qxc3 Rxc3 32. Kxc3 Qc7+ 33. Kd3 Bxb4 34. Ra6 Qxe5 35. Rxe6 Qc7 36. Rb6+ Qxb6 37. Bxd7 Qg6+ 38. Bf5 Qxg2 39. a3 Bc5 40. Rb1 Bxd4 41. Rxb5+ Kc7 42. Kxd4 Qf2+ 0-1

[Event "Jose Marti Memorial"]
[Site "Las Tunas"]
[Date "2003.01.29"]
[Round "5"]
[White "Perez, Isael"]
[Black "Parra Cabrera, Edilmar"]
[Result "1-0"]
[WhiteElo "2238"]
[BlackElo "2244"]
[PlyCount "37"]
[EventDate "2003.01.25"]
[EventType "tourn"]
[EventRounds "9"]
[EventCountry "CUB"]
[EventCategory "1"]
[SourceTitle "CBM 092 Extra"]
[Source "ChessBase"]
[SourceDate "2003.03.07"]
[SourceVersion "1"]
[SourceVersionDate "2003.03.07"]
[SourceQuality "1"]

1. d4 Nf6 2. c4 e6 3. Nf3 Bb4+ 4. Nbd2 0-0 5. e3 b6 6. Bd3 Bb7 7. 0-0 c5 8. Nb3 cxd4 9. exd4 d5 10. Bg5 Nbd7 11. Rc1 dxc4 12. Rxc4 Bxf3 13. Qxf3 Be7 14. Rfc1 a6 15. Qh3 h6 16. Bxh6 gxh6 17. Qxh6 Re8 18. d5 Nf8 19. Rh4 1-0

[Event "Jose Marti Memorial"]
[Site "Las Tunas"]
[Date "2003.01.25"]
[Round "1"]
[White "Parra Cabrera, Edilmar"]
[Black "Gongora Reyes, Maikel"]
[Result "0-1"]
[WhiteElo "2244"]
[BlackElo "2387"]
[PlyCount "94"]
[EventDate "2003.01.25"]
[EventType "tourn"]
[EventRounds "9"]
[EventCountry "CUB"]
[EventCategory "1"]
[SourceTitle "CBM 092 Extra"]
[Source "ChessBase"]
[SourceDate "2003.03.07"]
[SourceVersion "1"]
[SourceVersionDate "2003.03.07"]
[SourceQuality "1"]

1. e4 c5 2. Nf3 Nc6 3. d4 cxd4 4. Nxd4 Nf6 5. Nc3 e5 6. Ndb5 d6 7. Bg5 a6 8. Na3 b5 9. Bxf6 gxf6 10. Nd5 f5 11. exf5 Bxf5 12. c3 Bg7 13. Nc2 Be6 14. Nce3 Ne7 15. g3 Nxd5 16. Nxd5 0-0 17. Bg2 f5 18. 0-0 a5 19. Qe2 Rb8 20. Rad1 b4 21. Qa6 bxc3 22. bxc3 e4 23. Nf4 Bxa2 24. Rxd6 Qe7 25. Rfd1 Ra8 26. Qb5 Qe5 27. Qa4 Bf7 28. c4 Rfc8 29. Qd7 Bf8 30. Rc6 Qe8 31. Rxc8 Qxc8 32. Qd2 Qxc4 33. Bf1 Qb4 34. Qd7 Qc5 35. Ne6 Qc8 36. Nxf8 Kxf8 37. Qd6+ Kg8 38. Qf4 Qe6 39. Rd6 Qe7 40. Bb5 a4 41. Rd7 Qf6 42. Qc7 Rf8 43. Qa7 Be6 44. Rc7 f4 45. gxf4 Qg6+ 46. Kh1 Rd8 47. Be2 Bh3 0-1

[Event "Las Tunas provincial"]
[Site "Las Tunas"]
[Date "1999.??.??"]
[Round "?"]
[White "Mercantete Rodriguez, Edilberto"]
[Black "Parra Cabrera, Edilmar"]
[Result "1-0"]
[WhiteElo "2129"]
[BlackElo "2199"]
[PlyCount "127"]
[EventDate "1999.??.??"]
[EventType "tourn"]
[EventRounds "9"]
[EventCountry "CUB"]
[SourceTitle "EXT 2004"]
[Source "ChessBase"]
[SourceDate "2003.11.25"]
[SourceVersion "1"]
[SourceVersionDate "2003.11.25"]
[SourceQuality "1"]

1. d4 Nf6 2. Bg5 Ne4 3. Bh4 c5 4. f3 Qa5+ 5. c3 Nd6 6. d5 Nc4 7. Qc1 d6 8. e4 b5 9. f4 g6 10. Nf3 Bh6 11. Bxc4 bxc4 12. 0-0 f6 13. Na3 Qc7 14. Nxc4 Ba6 15. Nfd2 0-0 16. Qd1 Qd7 17. Qf3 Bb5 18. Rf2 Na6 19. Ne3 Nc7 20. g4 Rf7 21. c4 Ba6 22. b3 Raf8 23. Bg3 Bg7 24. f5 g5 25. h4 h6 26. Rh2 Rb8 27. Kg2 Kf8 28. Rah1 Ke8 29. Be1 Kd8 30. Ndf1 Kc8 31. Bc3 Kb7 32. Ng3 Rff8 33. h5 Ka8 34. Rb1 Rfc8 35. Kh3 Ne8 36. Rc2 Rb7 37. Qd1 Rcb8 38. Rcb2 Qc7 39. Qc2 Rc8 40. a3 Bf8 41. Ngf1 Ng7 42. Nd2 Qb6 43. Qd3 Qd8 44. b4 Rbb8 45. Nb3 Qe8 46. b5 Bb7 47. a4 Nxh5 48. gxh5 Qxh5+ 49. Kg2 g4 50. Rh1 Qf7 51. Nxg4 h5 52. Nf2 Bh6 53. Bd2 Rg8+ 54. Kf1 Bxd2 55. Nxd2 Rg5 56. Nh3 Rg4 57. Nf3 Rbg8 58. a5 h4 59. Rf2 Qh7 60. Rg1 Rg3 61. Rh1 Qh6 62. Qd2 Qh5 63. Nf4 Qg4 64. Rxh4 1-0

[Event "Matanzas Copa Nacional"]
[Site "Matanzas"]
[Date "1999.??.??"]
[Round "12"]
[White "Miguez, Daglay"]
[Black "Parra Cabrera, Edilmar"]
[Result "1/2-1/2"]
[WhiteElo "2098"]
[BlackElo "2199"]
[PlyCount "89"]
[EventDate "1999.??.??"]
[EventType "tourn"]
[EventRounds "12"]
[EventCountry "CUB"]
[SourceTitle "EXT 2000"]
[Source "ChessBase"]
[SourceDate "1999.11.16"]
[SourceVersion "1"]
[SourceVersionDate "1999.11.16"]
[SourceQuality "1"]

1. d4 Nf6 2. c4 e6 3. Nf3 b6 4. g3 Ba6 5. b3 Bb4+ 6. Bd2 Be7 7. Nc3 Bb7 8. Bg2 0-0 9. 0-0 Ne4 10. Nxe4 Bxe4 11. Bc3 d5 12. Ne1 Bxg2 13. Nxg2 c5 14. dxc5 bxc5 15. cxd5 exd5 16. e3 Nc6 17. Qf3 Rc8 18. Rac1 d4 19. exd4 cxd4 20. Bb2 Qb6 21. Rcd1 Rfd8 22. Qe4 Bf6 23. Nf4 g6 24. Kh1 Ne7 25. Rfe1 Qc6 26. Qxc6 Nxc6 27. Nd3 Kg7 28. Kg2 h5 29. h4 Ne7 30. Ne5 Nf5 31. Rd2 Rd5 32. Nd3 a5 33. Red1 Ra8 34. Nf4 Rd7 35. Ne2 Rad8 36. Rc1 Rb7 37. Rc4 Rb4 38. Rc7 Rb6 39. Nf4 Be5 40. Ra7 Bxf4 41. gxf4 Rb5 42. Kh3 Rc5 43. Ra6 Kg8 44. Ra7 Kg7 45. Ra6 1/2-1/2

[Event "Matanzas Copa Nacional"]
[Site "Matanzas"]
[Date "1999.??.??"]
[Round "8"]
[White "Ortiz, Rafael"]
[Black "Parra Cabrera, Edilmar"]
[Result "1/2-1/2"]
[WhiteElo "2031"]
[BlackElo "2199"]
[PlyCount "98"]
[EventDate "1999.??.??"]
[EventType "tourn"]
[EventRounds "12"]
[EventCountry "CUB"]
[SourceTitle "EXT 2000"]
[Source "ChessBase"]
[SourceDate "1999.11.16"]
[SourceVersion "1"]
[SourceVersionDate "1999.11.16"]
[SourceQuality "1"]

1. d4 Nf6 2. Nf3 b6 3. g3 e6 4. Bg2 Bb7 5. 0-0 Be7 6. c4 c5 7. Nc3 cxd4 8. Qxd4 a6 9. Rd1 0-0 10. a3 Nc6 11. Qd3 Na5 12. Bg5 Nb3 13. Bxf6 Bxf6 14. Rab1 Nc5 15. Qd2 Ne4 16. Nxe4 Bxe4 17. Rbc1 d5 18. Qb4 Qb8 19. Ne1 Bxg2 20. Kxg2 dxc4 21. Rxc4 Qb7+ 22. Kg1 Rfd8 23. Nd3 g6 24. Rdc1 Rab8 25. Rc7 Qd5 26. Qc4 Qxc4 27. R1xc4 a5 28. Kg2 Bd4 29. Kf3 b5 30. Rc2 Kg7 31. b4 a4 32. Nc5 Bxc5 33. R2xc5 Rd2 34. Ra7 Ra2 35. Rcc7 Rxa3+ 36. e3 Rf8 37. Rcb7 Ra1 38. Rxb5 a3 39. Rbb7 a2 40. b5 Kf6 41. b6 Ke5 42. Ra5+ Kd6 43. Rba7 Rb1 44. b7 Rb8 45. Rxa2 R1xb7 46. Rxb7 Rxb7 47. Kf4 Ke7 48. h4 f6 49. Ra5 h5 1/2-1/2